Responses for Show #7868 - Wednesday, November 21, 2018

Contestants

[<< previous game]

Abby Roughton, a lawyer from Boston, Massachusetts

Casey Amspacher, a senior data engineer from Brooklyn, New York

Mary Ann Borer, a marketing coordinator from Pomona, California (whose 2-day cash winnings total $53,400)

[next game >>]

Jeopardy! Round responses

CYBER MONDAY
GIVING TUESDAY
WACKY WEDNESDAY
A POP CULTURE THANKSGIVING
BLACK FRIDAY
SMALL BUSINESS SATURDAY
    $200 5
emoji

Mary Ann
    $200 21
Parkinson's

Casey
    $200 11
chicken

Mary Ann
    $200 1
turkey

Abby
    $200 16
the Dow Jones Industrial Average

Casey
    $400 7
Alexa

Abby
    $400 22
(Abby: What is the Wounded Warriors Project?)
[Originally ruled correct; ruled incorrect before clue 24]

the Wounded Warrior Project

Abby
Triple Stumper
    $400 12
the Pulitzer

Casey
    $400 2
The Cranberries

Mary Ann
    $400 17
the North Sea

Casey
    $600 8
Dropbox

Abby
    $600 23
the Best Friends Animal Society

Triple Stumper
    $600 13
the (Philadelphia) Phillies

Mary Ann
    $600 3
yam

Mary Ann
    $600 18
manslaughter

Mary Ann
    $600 24
restaurants

Mary Ann
    $800 9
scooters

Mary Ann
    $800 25
(Alex: With less than a minute.)

the Red Cross

Casey
    $800 14
(Mary Ann: What is an alligator?)
...
(Alex: If he invites you to go adventuring with him, say no.)

a shark

Mary AnnAbby
    $800 4
The Leftovers

Casey
    $800 19
tornadoes

Mary Ann
    $1,200 26
(Casey: What are loans?)
(Alex: Be more specific.)
(Casey: Small business loans?)

microloans

Casey
    $1000 10
Chromecast

Mary Ann
    $1000 28
[The end-of-round signal sounds.]

Toys for Tots

Mary Ann
    $1000 15
(Alex: Didn't show up for six years. That gives me a thought.)

the civil service

Mary Ann
    $1000 6
Stringbean

Triple Stumper
    $1000 20
November 22, 1963

Mary Ann
    $1000 27
proprietor

Casey

Scores at the first commercial break (after clue 15):

Mary Ann Casey Abby
$4,000 $1,200 $2,000

Scores at the end of the Jeopardy! Round:

Mary Ann Casey Abby
$8,000 $2,600 $1,600

Double Jeopardy! Round responses

5 SAINT'S DAYS
U.S. LAKES & RIVERS
MUSIC OF YESTERDAY & TODAY
SUCH NOVEL CHARACTERS
GOVT. ABBREV.
"DEAD"
    $400 21
St. Nicholas

Mary Ann
    $400 26
the Finger Lakes

Casey
    $400 1
Diane

Mary Ann
    $400 11
Forrest Gump

Mary Ann
    $400 15
the joint chiefs of staff

Mary Ann
    $400 6
the seven deadly sins

Abby
    $800 22
Paul

Mary Ann
    $7,000 30
(Casey: What is Lake Lafayette?)

Lake Pontchartrain

Casey
    $800 2
Phil Collins

Casey
    $800 12
Madame Bovary

Mary Ann
    $800 17
weather

Casey
    $800 7
the Dead Sea Scrolls

Abby
    $3,000 23
St. George

Mary Ann
    $1200 28
the Columbia

Casey
    $1200 3
(Mary Ann: Who is Kelly Clarkson?)

Carrie Underwood

Mary Ann
Triple Stumper
    $1200 13
Destry

Mary Ann
    $1200 18
architect

Triple Stumper
    $1200 8
Deadpool

Mary Ann
    $1600 24
(Mary Ann: Who are the Bavarians?)
...
(Alex: Less than a minute now.)

the Franks

Mary AnnCasey
    $1600 27
Lake Erie

Triple Stumper
    $1600 4
Havana

Mary Ann
    $1600 14
(Mary Ann: Who is Arrowsmith?)

Rob Roy

Mary AnnCasey
    $1600 19
mental health

Casey
    $1600 9
a dead man's hand

Mary Ann
    $2000 25
Gnosticism

Mary Ann
    $2000 29
Yellowstone Lake

Triple Stumper
    $2000 5
"I Left My Heart In San Francisco"

Mary Ann
    $2000 16
American Psycho

Casey
    $2000 20
(Abby: What is rehabilitation?)

reinvestment

Abby
Triple Stumper
    $2000 10
dead reckoning

Triple Stumper

Scores at the end of the Double Jeopardy! Round:

Mary Ann Casey Abby
$19,400 $5,600 $800
(lock game)

[wagering suggestions for these scores]

Final Jeopardy! Round responses

PRESIDENTIAL IRONY
AbbyWho was ?
$790
CaseyWho is Zachery Taylor
$3,999
Mary AnnWho is Lincoln?
$5,000
Zachary Taylor or William Henry Harrison

Final scores:

Mary Ann Casey Abby
$14,400 $9,599 $10
3-day champion: $67,800 2nd place: $2,000 3rd place: $1,000

Game dynamics:

Coryat scores:

Mary Ann Casey Abby
$17,600 $13,800 $800
26 R
(including 1 DD),
4 W
15 R,
2 W
(including 2 DDs)
6 R,
2 W

Combined Coryat: $32,200

[game clues] [game scores] [suggest correction]

Game tape date: 2018-10-09
The J! Archive is created by fans, for fans. Scraping, republication, monetization, and malicious use prohibited; this site may use cookies and collect identifying information. See terms. The Jeopardy! game show and all elements thereof, including but not limited to copyright and trademark thereto, are the property of Jeopardy Productions, Inc. and are protected under law. This website is not affiliated with, sponsored by, or operated by Jeopardy Productions, Inc. Join the discussion at JBoard.tv.